|
|
|
|
| LEADER |
00000cam a2200000 a 4500 |
| 001 |
vtls008366538 |
| 003 |
SK-MaSNL |
| 005 |
20260301075328.0 |
| 008 |
200115s1927 xo o g 000 0 slo |
| 015 |
|
|
|a SNBA19191938-001313
|
| 020 |
|
|
|q (brož.)
|
| 035 |
|
|
|a SK01SNKBSKHR20020058755
|
| 035 |
|
|
|a urn:nbn:sk:snk-am3hoek
|
| 035 |
|
|
|a 57AA5B35-FCE6-47B0-986D-08B5F7A4ADFA
|
| 035 |
|
|
|a urn:nbn:sk:snk-am00cva8
|
| 035 |
|
|
|a SKM000061218
|
| 040 |
|
|
|a SNK
|b slo
|c SNK
|e AACR2
|
| 041 |
0 |
|
|a slo
|
| 044 |
|
|
|a xo
|c SK
|
| 072 |
|
7 |
|a 27-1/-2
|x Kresťanská teológia. Dogmatická teológia
|2 konspekt
|
| 080 |
|
|
|a 27-246.7
|2 2001
|
| 080 |
|
|
|a 272-549
|2 2001
|
| 080 |
|
|
|a (035)
|2 2001
|
| 245 |
0 |
0 |
|a Cesta Svätého kríža a žalospev panenskej Matky
|
| 250 |
|
|
|a 5. vyd.
|
| 260 |
|
|
|a V Trnave
|b Bratia menší kláštora trnavského
|c 1927
|e V Trnave
|f Spolok Sv. Vojtecha
|
| 300 |
|
|
|a 32 s.
|b ilustr.
|c 16 cm
|
| 650 |
0 |
7 |
|a modlitby
|2 SNKPH
|9 1743
|
| 650 |
0 |
7 |
|a elégie (literatúra)
|2 SNKPH
|9 134096
|
| 655 |
|
7 |
|a príručky
|2 SNKPH
|9 74364
|
| 958 |
|
|
|a ONDV
|
| 999 |
|
|
|c 649839
|d 651769
|
| 952 |
|
|
|a SNK
|b SNK
|y PREZ
|7 0
|p 17A0638272
|o snkSE 11887
|i snk2009/20397
|8 3
|g 24.00
|0 0
|1 0
|4 0
|d 2009-11-16
|f 1
|l 0
|r 2026-02-23 18:19:17
|w 2026-02-23
|
| 952 |
|
|
|a SNK
|b SNK
|y VYP
|7 0
|p 17A1124416
|o snkSE 11887 D1
|i snk2016/24128
|8 1
|0 0
|1 0
|4 0
|d 2016-10-14
|l 0
|r 2026-02-23 18:19:17
|w 2026-02-23
|